Profissionais do setor de mudas debatem manejo da produção (Registro n. 299383)
[ somente texto ]
| 000 -LÍDER | |
|---|---|
| fixed length control field | 00992nab a2200313 4500 |
| 003 - CÓDIGO MARC DA AGÊNCIA CATALOGADORA | |
| Campo de controle | BR-BrBNA |
| 005 - DATA E HORA DA ÚLTIMA ATUALIZAÇÃO | |
| Campo de controle | 20240429195231.0 |
| 008 - CAMPO DE TAMANHO FIXO | |
| fixed length control field | 240429b bl.||||| |||| 00| 0 por d |
| 040 ## - FONTE DA CATALOGAÇÃO | |
| Agência catalogadora | BR-BrBNA |
| Idioma da catalogação | por |
| 072 ## - CATEGORIA AGRIS | |
| Código AGRIS | F01 ; D50 |
| Código do objeto | 4420 |
| 100 ## - ENTRADA PRINCIPAL - NOME PESSOAL | |
| Nome pessoal | Franco, Danilo |
| 245 ## - TÍTULO PRINCIPAL | |
| Título principal | Profissionais do setor de mudas debatem manejo da produção |
| Subtítulo | Viveiros |
| 500 ## - NOTA GERAL | |
| Nota geral | 3 illus, |
| 942 ## - ADDED ENTRY ELEMENTS (KOHA) | |
| Koha item type | |
| 650 ## - ASSUNTO - THESAGRO | |
| Cabeçalho tópico ou nome geográfico | CITRICULTURA |
| 650 ## - ASSUNTO - THESAGRO | |
| Cabeçalho tópico ou nome geográfico | MUDA |
| 650 ## - ASSUNTO - THESAGRO | |
| Cabeçalho tópico ou nome geográfico | VIVEIRO |
| 650 ## - ASSUNTO - THESAGRO | |
| Cabeçalho tópico ou nome geográfico | PORTA ENXERTO |
| 650 ## - ASSUNTO - THESAGRO | |
| Cabeçalho tópico ou nome geográfico | BORBULHIA |
| 650 ## - ASSUNTO - THESAGRO | |
| Cabeçalho tópico ou nome geográfico | SEMENTE |
| 650 ## - ASSUNTO - THESAGRO | |
| Cabeçalho tópico ou nome geográfico | MATERIAL DE PROPAGAÇÃO |
| 650 ## - ASSUNTO - THESAGRO | |
| Cabeçalho tópico ou nome geográfico | VARIEDADE |
| 650 ## - ASSUNTO - THESAGRO | |
| Cabeçalho tópico ou nome geográfico | PATENTE |
| 650 ## - ASSUNTO - THESAGRO | |
| Cabeçalho tópico ou nome geográfico | BOAS PRÁTICAS AGRÍCOLAS |
| 650 ## - ASSUNTO - THESAGRO | |
| Cabeçalho tópico ou nome geográfico | TRANSFERÊNCIA DE TECNOLOGIA |
| 650 ## - ASSUNTO - THESAGRO | |
| Cabeçalho tópico ou nome geográfico | LEGISLAÇÃO |
| 773 0# - ENTRADA ANALÍTICA | |
| Host Biblionumber | 4769 |
| Registro do item | 314649 |
| Imprenta | Bebedouro - SP Grupo Técnico de Assistência e Consultoria em Citrus 2001 |
| Outro identificador | 2024-0901 |
| Título | Ciência e Pratica (Brazil) |
| Colação | v. 11(42) p. 20-22; (Jul-Sep 2011) |
| Número de controle de registro | BR2024000921 |
Nenhum exemplar disponível.

BINAGRI